Statistics for Smallest tennis players

Click here to take the quiz!

General Stats

  • This quiz has been taken 10 times
  • The average score is 5 of 10

Answer Stats

HintAnswer% Correct
1.ArgentinaDiego Schwartzman
88%
9.IsraelDudi Sela
63%
10.BosniaDamir Dzumhur
50%
7.SpainDavid Ferrer
50%
5.Dominican RepublicVictor Estrella Burgos
50%
3.JapanYuichi Sugita
50%
8.UKDan Evans
38%
6.FranceVincent Millot
38%
2.JapanYoshihito Nishioka
38%
4.ItalyThomas Fabbiano
25%

Score Distribution

Percentile by Number Answered

Percent of People with Each Score

Your Score History

You have not taken this quiz